| 000 | 01442cam a2200397 a 4500 | ||
|---|---|---|---|
| 001 | 22249 | ||
| 003 | VRT | ||
| 005 | 20260323151422.0 | ||
| 008 | 160314s1993 xo 0000f slo | ||
| 015 | _aSNBA1993/11 | ||
| 020 |
_a8071180912 _q(viaz.) |
||
| 035 | _aSNK000016172 | ||
| 039 | 9 |
_a202202212029 _bcsnk01 _c202202212029 _dcsnk01 _c201704031443 _dmsllk12 _c201603142053 _dVLOAD |
|
| 040 |
_aSNK _bslo _cSNK _eAACR2 |
||
| 041 | 1 |
_aslo _heng |
|
| 044 |
_axo _cSK |
||
| 080 |
_a820-3 _21981 |
||
| 100 | 1 |
_aBrontë, Emily, _d1818-1848 _4aut |
|
| 240 | 1 | 0 |
_aWuthering heights _lSlovensky |
| 245 | 1 | 0 |
_aBúrlivé výšiny _cEmily Brontëová ; z anglického originálu Wuthering heights ... preložila Magda Žáryová |
| 250 | _a1. vyd. | ||
| 260 |
_aBratislava _bIkar _c1993 _eBratislava _fSvornosť, spol. s r.o. |
||
| 300 |
_a269 s. _c20 cm |
||
| 500 | _aCelkovo 3. vyd. | ||
| 655 | 7 |
_aanglické romány _2SNKPH |
|
| 700 | 1 |
_aŽáryová, Magda, _d1927-2009 _4trl |
|
| 910 | _asnk | ||
| 942 |
_2ddc _cKLDO _n0 |
||
| 949 |
_617A1010841 _asnkSC 84731 |
||
| 949 |
_617A0034138 _9P60, <05>, [BOOK], {605} _asnkSC 84731 D1 |
||
| 949 |
_64710700546 _91 _astrmkB _bstrmk2008/546 |
||
| 949 |
_64710700553 _91 _astrmkB _bstrmk2008/553 |
||
| 949 |
_6270001000035076 _asvkbbA 84442 _bsvkbbm 580499 |
||
| 949 |
_6273K0488012 _asvkpoA 162669 _bsvkpo401355 _oPV 2624/94 _qlepená _rlepená _s4705:20260320 |
||
| 999 |
_c22249 _d22249 |
||